000 00239nam a2200097Ia 4500
008 120527s9999 xx 000 0 und d
100 _aCOOPER,M. Goffrey
245 _aThe cell:A molecular approach 2nd edition
260 _bASM
942 _cBK
999 _c25214
_d25214